[Event "DVM U14w 2020"]
[Site "Willingen GER"]
[Date "2021.06.27"]
[Round "7"]
[White "Alferova, Emily"]
[Black "Prinzen, Siri Marleen"]
[Result "1/2-1/2"]
[Termination "normal"]
[Board "1.1"]
[WhiteElo "1365"]
[BlackElo "1722"]
[WhiteClock "00:32:11"]
[BlackClock "00:20:50"]
[WhiteTeam "SC Garching 1980 e.V."]
[BlackTeam "Karlsruher SF 1853"]
[PlyCount "51"]
[WhiteFideId "16265904"]
[BlackFideId "16265912"]
[EventCountry "GER"]
[EventRounds "7"]
[EventType "team-swiss"]
[EventDate "2021.06.23"]

1. b3 {[%clk 1:30:58]} 1... d5 {[%clk 1:27:07]} 2. Bb2 {[%clk 1:31:22]} 2...
Nf6 {[%clk 1:25:41]} 3. e3 {[%clk 1:29:41]} 3... c5 {[%clk 1:21:41]} 4. Nf3 {
[%clk 1:25:19]} 4... Bg4 {[%clk 1:17:18]} 5. h3 {[%clk 1:24:44]} 5... Bxf3 {
[%clk 1:16:01]} 6. Qxf3 {[%clk 1:24:29]} 6... Nc6 {[%clk 1:13:17]} 7. Bb5 {
[%clk 1:22:25]} 7... e6 {[%clk 1:10:27]} 8. O-O {[%clk 1:20:46]} 8... Be7 {
[%clk 1:06:25]} 9. d3 {[%clk 1:15:44]} 9... O-O {[%clk 1:03:37]} 10. Bxc6 {
[%clk 1:15:39]} 10... bxc6 {[%clk 1:04:02]} 11. c4 {[%clk 1:13:36]} 11... Nd7 {
[%clk 1:01:28]} 12. Rd1 {[%clk 1:04:36]} 12... Bf6 {[%clk 0:58:34]} 13. Bxf6 {
[%clk 1:05:00]} 13... Qxf6 {[%clk 0:56:58]} 14. Qxf6 {[%clk 1:05:07]} 14...
Nxf6 {[%clk 0:56:02]} 15. Nc3 {[%clk 1:03:30]} 15... d4 {[%clk 0:54:58]} 16.
Na4 {[%clk 0:59:44]} 16... Nd7 {[%clk 0:54:05]} 17. e4 {[%clk 0:53:44]} 17...
e5 {[%clk 0:52:35]} 18. f3 {[%clk 0:52:26]} 18... g6 {[%clk 0:50:44]} 19. Rf1 {
[%clk 0:51:51]} 19... f5 {[%clk 0:41:04]} 20. Rf2 {[%clk 0:44:35]} 20... Rf7 {
[%clk 0:36:14]} 21. Raf1 {[%clk 0:41:00]} 21... Raf8 {[%clk 0:33:25]} 22. g3 {
[%clk 0:36:47]} 22... g5 {[%clk 0:26:21]} 23. Kg2 {[%clk 0:32:18]} 23... fxe4 {
[%clk 0:20:57]} 24. fxe4 {[%clk 0:31:47]} 24... Rxf2+ {[%clk 0:20:43]} 25. Rxf2
{[%clk 0:32:11]} 25... Rxf2+ {[%clk 0:20:50]} 26. Kxf2 1/2-1/2

[Event "DVM U14w 2020"]
[Site "Willingen GER"]
[Date "2021.06.27"]
[Round "7"]
[White "Fischer, Darja"]
[Black "Frowein, Katja"]
[Result "1-0"]
[Termination "normal"]
[Board "1.2"]
[WhiteElo "1559"]
[BlackElo "1388"]
[WhiteClock "00:37:51"]
[BlackClock "00:03:32"]
[WhiteTeam "Karlsruher SF 1853"]
[BlackTeam "SC Garching 1980 e.V."]
[PlyCount "67"]
[WhiteFideId "16240898"]
[BlackFideId "16282949"]
[EventCountry "GER"]
[EventRounds "7"]
[EventType "team-swiss"]
[EventDate "2021.06.23"]

1. d4 {[%clk 1:30:59]} 1... d5 {[%clk 1:30:55]} 2. c4 {[%clk 1:31:24]} 2... e6
{[%clk 1:31:16]} 3. Nc3 {[%clk 1:31:50]} 3... Nf6 {[%clk 1:31:42]} 4. Bg5 {
[%clk 1:32:13]} 4... Be7 {[%clk 1:31:59]} 5. cxd5 {[%clk 1:32:31]} 5... exd5 {
[%clk 1:32:22]} 6. Nf3 {[%clk 1:32:44]} 6... O-O {[%clk 1:32:25]} 7. e3 { [%clk
1:32:50]} 7... h6 {[%clk 1:32:32]} 8. Bh4 {[%clk 1:32:38]} 8... c6 { [%clk
1:32:45]} 9. Qc2 {[%clk 1:31:33]} 9... Re8 {[%clk 1:27:40]} 10. Bd3 { [%clk
1:24:43]} 10... Ne4 {[%clk 1:25:34]} 11. Bxe7 {[%clk 1:23:19]} 11... Qxe7
{[%clk 1:25:46]} 12. Ne5 {[%clk 1:21:05]} 12... Nd7 {[%clk 1:21:05]} 13. Nxd7 {
[%clk 1:16:12]} 13... Bxd7 {[%clk 1:20:47]} 14. O-O {[%clk 1:12:06]} 14... Rac8
{[%clk 1:16:40]} 15. Rac1 {[%clk 1:10:26]} 15... b5 {[%clk 1:01:18]} 16. Bxe4 {
[%clk 1:01:21]} 16... dxe4 {[%clk 1:01:16]} 17. Nb1 {[%clk 1:01:14]} 17... Qg5
{[%clk 0:55:29]} 18. Qc5 {[%clk 0:59:02]} 18... Qxc5 {[%clk 0:54:15]} 19. Rxc5
{[%clk 0:59:23]} 19... g5 {[%clk 0:48:22]} 20. Nd2 {[%clk 0:58:04]} 20... f5 {
[%clk 0:45:23]} 21. Nb3 {[%clk 0:54:03]} 21... h5 {[%clk 0:43:38]} 22. Na5 {
[%clk 0:52:43]} 22... a6 {[%clk 0:36:26]} 23. Rfc1 {[%clk 0:52:40]} 23... Be6 {
[%clk 0:24:53]} 24. Nxc6 {[%clk 0:49:22]} 24... Kg7 {[%clk 0:23:14]} 25. b3 {
[%clk 0:47:44]} 25... Rc7 {[%clk 0:15:54]} 26. Ne5 {[%clk 0:45:36]} 26... Rce7
{[%clk 0:13:06]} 27. Rc6 {[%clk 0:42:49]} 27... Ra8 {[%clk 0:06:58]} 28. Rb6 {
[%clk 0:41:48]} 28... g4 {[%clk 0:06:04]} 29. Rcc6 {[%clk 0:40:17]} 29... Bc8 {
[%clk 0:05:03]} 30. Rh6 {[%clk 0:38:04]} 30... Rc7 {[%clk 0:04:34]} 31. Rbg6+ {
[%clk 0:36:57]} 31... Kf8 {[%clk 0:04:12]} 32. Rh8+ {[%clk 0:37:21]} 32... Ke7
{[%clk 0:04:24]} 33. Rh7+ {[%clk 0:37:31]} 33... Kf8 {[%clk 0:03:32]} 34. Rxc7
{[%clk 0:37:51]} 1-0

[Event "DVM U14w 2020"]
[Site "Willingen GER"]
[Date "2021.06.27"]
[Round "7"]
[White "Muhina, Liana"]
[Black "Schulz, Hannah"]
[Result "0-1"]
[Termination "normal"]
[Board "1.3"]
[WhiteElo "1273"]
[BlackElo "1539"]
[WhiteClock "00:31:00"]
[BlackClock "01:19:35"]
[WhiteTeam "SC Garching 1980 e.V."]
[BlackTeam "Karlsruher SF 1853"]
[PlyCount "90"]
[WhiteFideId "16266145"]
[BlackFideId "16244745"]
[EventCountry "GER"]
[EventRounds "7"]
[EventType "team-swiss"]
[EventDate "2021.06.23"]

1. e4 {[%clk 1:30:57]} 1... c6 {[%clk 1:30:54]} 2. d4 {[%clk 1:31:15]} 2... d5
{[%clk 1:31:22]} 3. exd5 {[%clk 1:31:17]} 3... cxd5 {[%clk 1:31:44]} 4. Bd3 {
[%clk 1:31:09]} 4... Nc6 {[%clk 1:31:53]} 5. c3 {[%clk 1:30:37]} 5... Nf6 {
[%clk 1:30:26]} 6. h3 {[%clk 1:30:15]} 6... g6 {[%clk 1:29:25]} 7. Nf3 { [%clk
1:27:57]} 7... Bg7 {[%clk 1:29:43]} 8. Bf4 {[%clk 1:26:23]} 8... O-O { [%clk
1:29:17]} 9. O-O {[%clk 1:25:50]} 9... Bf5 {[%clk 1:27:40]} 10. Bxf5 { [%clk
1:22:00]} 10... gxf5 {[%clk 1:28:03]} 11. Nbd2 {[%clk 1:21:33]} 11... Kh8
{[%clk 1:27:26]} 12. Ne5 {[%clk 1:13:36]} 12... e6 {[%clk 1:26:19]} 13. Bg5 {
[%clk 1:05:55]} 13... Qc7 {[%clk 1:24:31]} 14. Re1 {[%clk 0:57:11]} 14... Nxe5
{[%clk 1:21:45]} 15. dxe5 {[%clk 0:56:39]} 15... Ne4 {[%clk 1:21:10]} 16. Nf3 {
[%clk 0:43:43]} 16... Bxe5 {[%clk 1:16:50]} 17. Nxe5 {[%clk 0:41:44]} 17...
Nxg5 {[%clk 1:16:00]} 18. Qh5 {[%clk 0:35:44]} 18... Ne4 {[%clk 1:14:46]} 19.
Nf3 {[%clk 0:31:58]} 19... Qb6 {[%clk 1:13:25]} 20. Qh4 {[%clk 0:25:16]} 20...
Qxb2 21. Ng5 {[%clk 0:22:43]} 21... Nxg5 {[%clk 1:11:21]} 22. Qxg5 { [%clk
0:22:10]} 22... Qxc3 {[%clk 1:10:59]} 23. Rac1 {[%clk 0:18:37]} 23... Qg7
{[%clk 1:08:44]} 24. Qh4 {[%clk 0:14:42]} 24... b5 {[%clk 1:06:28]} 25. a3 {
[%clk 0:09:21]} 25... a5 {[%clk 1:06:24]} 26. Rb1 {[%clk 0:07:37]} 26... Rg8 {
[%clk 1:03:34]} 27. g3 {[%clk 0:07:33]} 27... Rab8 {[%clk 1:02:59]} 28. Rec1 {
[%clk 0:05:17]} 28... Qe5 {[%clk 1:01:03]} 29. Re1 {[%clk 0:04:34]} 29... Qc3 {
[%clk 1:00:54]} 30. Rec1 {[%clk 0:03:32]} 30... Qxa3 {[%clk 1:00:45]} 31. Qf6+
{[%clk 0:01:33]} 31... Rg7 {[%clk 1:01:07]} 32. Qe5 {[%clk 0:01:47]} 32... Qf8
{[%clk 0:59:58]} 33. Rc7 {[%clk 0:01:37]} 33... Kg8 {[%clk 0:56:46]} 34. Rbc1 {
[%clk 0:01:27]} 34... b4 {[%clk 0:55:51]} 35. Ra7 {[%clk 0:01:27]} 35... b3 {
[%clk 0:55:41]} 36. Rb1 {[%clk 0:01:28]} 36... Qb4 {[%clk 0:52:35]} 37. Qf6 {
[%clk 0:01:26]} 37... a4 {[%clk 0:50:31]} 38. Qb2 {[%clk 0:01:14]} 38... d4 {
[%clk 0:48:36]} 39. Ra1 {[%clk 0:00:53]} 39... Qc3 {[%clk 0:48:21]} 40. Qxc3 {
[%clk 0:01:00]} 40... dxc3 {[%clk 0:48:44]} 41. R1xa4 {[%clk 0:30:23]} 41... b2
{[%clk 1:18:34]} 42. Rb4 {[%clk 0:30:25]} 42... b1=Q+ {[%clk 1:18:42]} 43. Rxb1
{[%clk 0:30:34]} 43... Rxb1+ {[%clk 1:19:08]} 44. Kg2 {[%clk 0:30:54]} 44... f6
{[%clk 1:19:10]} 45. Ra8+ {[%clk 0:31:00]} 45... Kf7 {[%clk 1:19:35]} 0-1

[Event "DVM U14w 2020"]
[Site "Willingen GER"]
[Date "2021.06.27"]
[Round "7"]
[White "Haug, Mara"]
[Black "Muhina, Alina"]
[Result "1-0"]
[Termination "normal"]
[Board "1.4"]
[WhiteElo "1379"]
[BlackElo "1343"]
[WhiteClock "00:21:31"]
[BlackClock "00:13:14"]
[WhiteTeam "Karlsruher SF 1853"]
[BlackTeam "SC Garching 1980 e.V."]
[PlyCount "89"]
[WhiteFideId "16259300"]
[BlackFideId "16298322"]
[EventCountry "GER"]
[EventRounds "7"]
[EventType "team-swiss"]
[EventDate "2021.06.23"]

1. e4 {[%clk 1:30:56]} 1... c6 {[%clk 1:30:58]} 2. c4 {[%clk 1:31:15]} 2... d5
{[%clk 1:30:54]} 3. exd5 {[%clk 1:31:32]} 3... cxd5 {[%clk 1:31:21]} 4. d4 {
[%clk 1:31:50]} 4... Nc6 {[%clk 1:30:12]} 5. Be3 {[%clk 1:30:40]} 5... g6 {
[%clk 1:29:53]} 6. Nc3 {[%clk 1:30:55]} 6... e6 {[%clk 1:29:27]} 7. Nf3 { [%clk
1:30:34]} 7... Bg7 {[%clk 1:29:25]} 8. Be2 {[%clk 1:30:14]} 8... Nge7 { [%clk
1:28:54]} 9. O-O {[%clk 1:28:08]} 9... O-O {[%clk 1:29:17]} 10. Qd2 { [%clk
1:25:13]} 10... Nf5 {[%clk 1:29:12]} 11. Rad1 {[%clk 1:20:59]} 11... Nxe3
{[%clk 1:29:08]} 12. fxe3 {[%clk 1:21:17]} 12... b6 {[%clk 1:27:49]} 13. Rf2 {
[%clk 1:10:15]} 13... Ba6 {[%clk 1:25:52]} 14. b3 {[%clk 1:06:53]} 14... Qc7 {
[%clk 1:24:07]} 15. cxd5 {[%clk 1:03:08]} 15... Bxe2 {[%clk 1:24:04]} 16. Qxe2
{[%clk 1:02:16]} 16... exd5 {[%clk 1:23:03]} 17. Nxd5 {[%clk 1:01:51]} 17...
Qd6 {[%clk 1:22:39]} 18. Nc3 {[%clk 0:58:19]} 18... Rae8 {[%clk 1:17:17]} 19.
Qd2 {[%clk 0:57:00]} 19... Bh6 {[%clk 1:12:43]} 20. Re1 {[%clk 0:55:29]} 20...
Qe6 {[%clk 0:59:14]} 21. d5 {[%clk 0:46:58]} 21... Bxe3 {[%clk 0:57:32]} 22.
dxe6 {[%clk 0:45:32]} 22... Bxd2 23. Rxd2 {[%clk 0:45:33]} 23... fxe6 { [%clk
0:55:04]} 24. Rde2 {[%clk 0:43:02]} 24... Rd8 {[%clk 0:45:32]} 25. Rxe6 { [%clk
0:41:37]} 25... Nb4 {[%clk 0:45:08]} 26. Re7 {[%clk 0:39:58]} 26... a5 { [%clk
0:44:08]} 27. Ng5 {[%clk 0:38:52]} 27... Rd2 {[%clk 0:36:30]} 28. R1e2 { [%clk
0:36:37]} 28... Rd3 {[%clk 0:33:51]} 29. R7e3 {[%clk 0:35:39]} 29... Rc8 {[%clk
0:26:23]} 30. Nge4 {[%clk 0:32:22]} 30... Rxe3 {[%clk 0:22:34]} 31. Rxe3 {[%clk
0:32:31]} 31... Nc2 {[%clk 0:22:12]} 32. Rd3 {[%clk 0:28:45]} 32... Nb4 {[%clk
0:22:20]} 33. Rd6 {[%clk 0:27:32]} 33... Rb8 {[%clk 0:20:30]} 34. Nf6+ { [%clk
0:26:05]} 34... Kg7 {[%clk 0:18:31]} 35. Nfd5 {[%clk 0:24:54]} 35... Nxd5
{[%clk 0:15:11]} 36. Nxd5 {[%clk 0:22:45]} 36... b5 {[%clk 0:14:36]} 37. Rb6 {
[%clk 0:22:37]} 37... Re8 {[%clk 0:14:51]} 38. Rxb5 {[%clk 0:22:34]} 38... Ra8
{[%clk 0:14:41]} 39. Rb7+ {[%clk 0:21:48]} 39... Kh6 {[%clk 0:14:46]} 40. Nf6 {
[%clk 0:21:37]} 40... Kg5 {[%clk 0:13:17]} 41. Nxh7+ {[%clk 0:20:39]} 41... Kf5
{[%clk 0:13:22]} 42. Rb5+ {[%clk 0:20:59]} 42... Ke6 {[%clk 0:12:47]} 43. Ng5+
{[%clk 0:21:15]} 43... Kf6 {[%clk 0:13:01]} 44. Ne4+ {[%clk 0:21:35]} 44... Kg7
{[%clk 0:13:14]} 45. Nd6 {[%clk 0:21:31]} 1-0

[Event "DVM U14w 2020"]
[Site "Willingen GER"]
[Date "2021.06.27"]
[Round "7"]
[White "Werner, Rosalie"]
[Black "Becker, Linda"]
[Result "1/2-1/2"]
[Termination "normal"]
[Board "2.1"]
[WhiteElo "1751"]
[BlackElo "1763"]
[WhiteClock "00:02:01"]
[BlackClock "00:15:36"]
[WhiteTeam "VSG 1880 Offenbach"]
[BlackTeam "Schachgemeinschaft Porz e. V."]
[PlyCount "110"]
[WhiteFideId "16223748"]
[BlackFideId "16244753"]
[EventCountry "GER"]
[EventRounds "7"]
[EventType "team-swiss"]
[EventDate "2021.06.23"]

1. e4 {[%clk 1:30:58]} 1... e6 {[%clk 1:30:54]} 2. d4 {[%clk 1:31:25]} 2... d5
{[%clk 1:31:18]} 3. Nc3 {[%clk 1:31:51]} 3... Nf6 {[%clk 1:31:39]} 4. Bg5 {
[%clk 1:32:16]} 4... Be7 {[%clk 1:32:02]} 5. e5 {[%clk 1:32:42]} 5... Nfd7 {
[%clk 1:32:20]} 6. h4 {[%clk 1:33:08]} 6... h6 {[%clk 1:32:40]} 7. Be3 { [%clk
1:33:33]} 7... c5 {[%clk 1:27:36]} 8. Qg4 {[%clk 1:33:49]} 8... g6 { [%clk
1:27:20]} 9. dxc5 {[%clk 1:34:01]} 9... Nxe5 {[%clk 1:24:12]} 10. Qg3 { [%clk
1:33:52]} 10... Nbc6 {[%clk 1:21:27]} 11. O-O-O {[%clk 1:19:55]} 11... Qa5
{[%clk 1:07:41]} 12. Bb5 {[%clk 1:13:08]} 12... Bf6 {[%clk 1:03:35]} 13. Bd4
{[%clk 1:07:56]} 13... Nd7 {[%clk 1:01:56]} 14. Bxf6 {[%clk 0:59:27]} 14...
Nxf6 {[%clk 1:02:14]} 15. Qe5 {[%clk 0:58:30]} 15... O-O {[%clk 0:45:28]} 16.
Bxc6 {[%clk 0:48:58]} 16... Ng4 {[%clk 0:43:52]} 17. Qg3 {[%clk 0:41:20]} 17...
bxc6 {[%clk 0:43:27]} 18. Qxg4 {[%clk 0:41:22]} 18... e5 {[%clk 0:43:43]} 19.
Qg3 {[%clk 0:39:35]} 19... Qxc5 {[%clk 0:38:59]} 20. Qxe5 {[%clk 0:35:08]}
20... Qxf2 {[%clk 0:37:53]} 21. Qe2 {[%clk 0:33:00]} 21... Qb6 {[%clk 0:37:15]}
22. h5 {[%clk 0:30:37]} 22... g5 {[%clk 0:34:17]} 23. Nh3 {[%clk 0:27:26]}
23... Rb8 {[%clk 0:33:11]} 24. b3 {[%clk 0:25:44]} 24... Qb4 {[%clk 0:32:01]}
25. Qe5 {[%clk 0:22:13]} 25... Bg4 {[%clk 0:28:21]} 26. Rd2 {[%clk 0:18:13]}
26... Rfe8 {[%clk 0:26:20]} 27. Qd4 {[%clk 0:16:45]} 27... Qa3+ {[%clk 0:25:49]
} 28. Kb1 {[%clk 0:16:54]} 28... Bf5 {[%clk 0:23:28]} 29. Ka1 {[%clk 0:11:38]}
29... Re6 {[%clk 0:22:03]} 30. Nb1 {[%clk 0:08:20]} 30... Qa5 {[%clk 0:21:05]}
31. Qc3 {[%clk 0:08:26]} 31... Qb6 {[%clk 0:20:28]} 32. Qg3 {[%clk 0:07:05]}
32... Qd8 {[%clk 0:16:20]} 33. a3 {[%clk 0:05:49]} 33... Qf6+ {[%clk 0:15:39]}
34. Ka2 {[%clk 0:05:51]} 34... Rbe8 {[%clk 0:15:58]} 35. Qc3 {[%clk 0:05:05]}
35... Qe7 {[%clk 0:15:08]} 36. Qf3 {[%clk 0:04:03]} 36... Be4 {[%clk 0:14:27]}
37. Qf2 {[%clk 0:04:14]} 37... Rf6 {[%clk 0:13:09]} 38. Qd4 {[%clk 0:04:21]}
38... c5 {[%clk 0:12:48]} 39. Qb2 {[%clk 0:04:18]} 39... Rb6 {[%clk 0:12:04]}
40. Nc3 {[%clk 0:03:20]} 40... d4 {[%clk 0:10:54]} 41. Nxe4 {[%clk 0:01:43]}
41... Qxe4 {[%clk 0:11:13]} 42. Qc1 {[%clk 0:00:44]} 42... c4 {[%clk 0:06:08]}
43. Nf2 {[%clk 0:10:56]} 43... Qd5 {[%clk 0:32:32]} 44. Qd1 {[%clk 0:09:29]}
44... Reb8 {[%clk 0:22:20]} 45. Rxd4 {[%clk 0:07:51]} 45... cxb3+ { [%clk
0:22:28]} 46. cxb3 {[%clk 0:08:04]} 46... Qxg2 {[%clk 0:22:00]} 47. Rd8+ {[%clk
0:06:11]} 47... Rxd8 {[%clk 0:21:41]} 48. Qxd8+ {[%clk 0:06:30]} 48... Kg7
{[%clk 0:21:24]} 49. Qd2 {[%clk 0:04:40]} 49... Rf6 {[%clk 0:21:20]} 50. Ne4
{[%clk 0:02:03]} 50... Qxe4 {[%clk 0:21:26]} 51. Rh2 {[%clk 0:02:00]} 51... a6
{[%clk 0:19:59]} 52. Rg2 {[%clk 0:01:57]} 52... Qf4 {[%clk 0:18:38]} 53. Qb2
{[%clk 0:01:50]} 53... g4 {[%clk 0:18:20]} 54. Qe2 {[%clk 0:01:55]} 54... g3 {
[%clk 0:16:05]} 55. Qe1 {[%clk 0:02:01]} 55... Kh7 {[%clk 0:15:36]} 1/2-1/2

[Event "DVM U14w 2020"]
[Site "Willingen GER"]
[Date "2021.06.27"]
[Round "7"]
[White "Ramien, Hannah"]
[Black "Buchholz, Maja"]
[Result "0-1"]
[Termination "normal"]
[Board "2.2"]
[WhiteElo "1396"]
[BlackElo "1713"]
[WhiteClock "00:41:20"]
[BlackClock "00:57:47"]
[WhiteTeam "Schachgemeinschaft Porz e. V."]
[BlackTeam "VSG 1880 Offenbach"]
[PlyCount "50"]
[WhiteFideId "16209982"]
[BlackFideId "16200500"]
[EventCountry "GER"]
[EventRounds "7"]
[EventType "team-swiss"]
[EventDate "2021.06.23"]

1. e4 {[%clk 1:30:59]} 1... Nc6 {[%clk 1:30:52]} 2. Nf3 {[%clk 1:31:01]} 2...
f5 {[%clk 1:31:07]} 3. Nc3 {[%clk 1:28:22]} 3... fxe4 {[%clk 1:31:12]} 4. Nxe4
{[%clk 1:28:44]} 4... d5 {[%clk 1:31:27]} 5. Ng3 {[%clk 1:28:46]} 5... e5 {
[%clk 1:30:45]} 6. Bb5 {[%clk 1:27:29]} 6... Bg4 {[%clk 1:30:11]} 7. h3 { [%clk
1:26:48]} 7... Bxf3 {[%clk 1:29:56]} 8. Qxf3 {[%clk 1:27:09]} 8... Nf6 { [%clk
1:29:31]} 9. Qe2 {[%clk 1:24:59]} 9... Bd6 {[%clk 1:21:52]} 10. O-O { [%clk
1:17:22]} 10... O-O {[%clk 1:21:46]} 11. d3 {[%clk 1:16:55]} 11... Nd4 { [%clk
1:20:01]} 12. Qd1 {[%clk 1:13:23]} 12... Nxb5 13. c3 13... c6 { [%clk 1:17:55]}
14. Re1 {[%clk 1:03:00]} 14... Qd7 {[%clk 1:15:11]} 15. a4 { [%clk 0:59:00]}
15... Nc7 {[%clk 1:15:24]} 16. Qb3 {[%clk 0:58:51]} 16... Na6 { [%clk 1:13:10]}
17. Ne4 {[%clk 0:55:57]} 17... Nc5 {[%clk 1:09:36]} 18. Nxc5 { [%clk 0:55:19]}
18... Bxc5 {[%clk 1:09:53]} 19. Rxe5 {[%clk 0:55:22]} 19... Bxf2+ {[%clk
1:09:04]} 20. Kh1 {[%clk 0:51:50]} 20... Ng4 {[%clk 1:01:11]} 21. Re2 {[%clk
0:49:36]} 21... Bg3 {[%clk 0:59:41]} 22. Bd2 {[%clk 0:48:56]} 22... Qf7 {[%clk
0:59:01]} 23. Qd1 {[%clk 0:47:33]} 23... Nf2+ {[%clk 0:58:54]} 24. Rxf2 {[%clk
0:47:51]} 24... Qxf2 {[%clk 0:59:12]} 25. Qc1 {[%clk 0:41:20]} 25... Rae8
{[%clk 0:57:47]} 0-1

[Event "DVM U14w 2020"]
[Site "Willingen GER"]
[Date "2021.06.27"]
[Round "7"]
[White "Dixon Quiroz, Laura Michaela"]
[Black "Sinner, Joselyne"]
[Result "1/2-1/2"]
[Termination "normal"]
[Board "2.3"]
[WhiteElo "1304"]
[BlackElo "1409"]
[WhiteClock "00:27:42"]
[BlackClock "00:06:58"]
[WhiteTeam "VSG 1880 Offenbach"]
[BlackTeam "Schachgemeinschaft Porz e. V."]
[PlyCount "41"]
[WhiteFideId "16248708"]
[BlackFideId "16210387"]
[EventCountry "GER"]
[EventRounds "7"]
[EventType "team-swiss"]
[EventDate "2021.06.23"]

1. e4 {[%clk 1:30:56]} 1... e5 {[%clk 1:30:58]} 2. Nf3 {[%clk 1:31:14]} 2...
Nc6 {[%clk 1:31:24]} 3. Bc4 {[%clk 1:31:37]} 3... Bc5 {[%clk 1:31:49]} 4. c3 {
[%clk 1:32:01]} 4... Nf6 {[%clk 1:32:15]} 5. d4 {[%clk 1:32:16]} 5... exd4 {
[%clk 1:32:39]} 6. e5 {[%clk 1:32:36]} 6... d5 {[%clk 1:32:56]} 7. Bb5 { [%clk
1:32:52]} 7... Ne4 {[%clk 1:33:17]} 8. cxd4 {[%clk 1:33:00]} 8... Bb6 { [%clk
1:33:23]} 9. h3 {[%clk 1:31:16]} 9... O-O {[%clk 1:27:20]} 10. Be3 { [%clk
1:28:49]} 10... Be6 {[%clk 1:17:55]} 11. O-O {[%clk 1:26:21]} 11... Ne7 { [%clk
1:10:17]} 12. Nbd2 {[%clk 1:15:27]} 12... Nf5 {[%clk 0:59:31]} 13. Nb3 { [%clk
1:09:09]} 13... Qe7 {[%clk 0:46:21]} 14. Rc1 {[%clk 1:02:32]} 14... f6 { [%clk
0:34:45]} 15. a3 {[%clk 0:54:53]} 15... Nxe3 {[%clk 0:24:04]} 16. fxe3 { [%clk
0:52:39]} 16... fxe5 {[%clk 0:17:17]} 17. Nxe5 {[%clk 0:49:35]} 17... Qg5
{[%clk 0:12:38]} 18. Qe1 {[%clk 0:38:09]} 18... Bxh3 {[%clk 0:10:27]} 19. Rc2 {
[%clk 0:37:44]} 19... Rxf1+ 20. Bxf1 {[%clk 0:37:31]} 20... Rf8 {[%clk 0:06:58]
} 21. Nd2 {[%clk 0:27:42]} 1/2-1/2